000 00346nam a22001337a 4500
008 250107b |||||||| |||| 00| 0 eng d
020 _a0534391869
050 _aHD30.215
_b.W37
100 _aKELLER, Gerald
245 _aStatistic for Management and Economics
260 _aU.S.A
_bThomson Brooks/Cole
_c2003
300 _axxii, 783p.
942 _cBK
999 _c1881
_d1881